[Event "Smyslov Memorial"]
[Site "SchemingMind.com"]
[Date "2010.04.06"]
[Round "-"]
[White "memet"]
[Black "Clive Everill"]
[Result "1/2-1/2"]
[WhiteCountry "TUR"]
[BlackCountry "CZE"]
[WhiteElo "1641"]
[WhiteRD "65"]
[BlackElo "1694"]
[BlackRD "50"]
[GameID "244528"]

1. e4 a6 2. d4 b5 3. Nf3 Bb7 4. Bd3 e6 5. Be3 Nf6 6. e5 Nd5 7. O-O Nxe3 8. fxe3 c5 9. Nbd2 c4 10. Be4 Bc6
11. h4 Be7 12. c3 Bxe4 13. Nxe4 Nc6 14. Nfg5 Bxg5 15. Nxg5 Rf8 16. Qh5 g6 17. Qxh7 Qe7 18. Rf6 O-O-O 19. Raf1 Nxe5 20. dxe5 Qc5
21. Rxf7 Qxe3+ 22. Kh1 Rxf7 23. Nxf7 Qe2 24. Nd6+ Kc7 25. Rb1 Qxe5 26. Nf7 Qf5 27. Rd1 Qc2 28. Rd6 Rf8 29. Rxa6 Qc1+ 30. Kh2 Qf4+
31. Kh3 Qxf7 32. Qxf7 Rxf7 33. Kg3 Rf1 34. b3 cxb3 35. axb3 Rc1 36. Ra7+ Kd6 37. Ra6+ Kc5 38. b4+ Kc4 39. Ra7 Rxc3+ 40. Kf4 d5
41. Rg7 Kxb4 42. Rxg6 Rc4+ 43. Kg5 e5 44. h5 d4 45. h6 Rc8 46. h7 Rh8 47. Kh6 d3 48. Rd6 e4 49. Rd4+ Kc3 50. Rxe4 b4
51. Re7 d2 52. Rc7+ Kb2 53. Rd7 Kc1 54. Rc7+ Kb2 55. Rd7 Kc1 56. Rc7+ Kb2=
1/2-1/2

[Event "Smyslov Memorial"]
[Site "SchemingMind.com"]
[Date "2010.04.06"]
[Round "-"]
[White "Clive Everill"]
[Black "memet"]
[Result "0-1"]
[WhiteCountry "CZE"]
[BlackCountry "TUR"]
[WhiteElo "1664"]
[WhiteRD "50"]
[BlackElo "1571"]
[BlackRD "69"]
[GameID "244535"]

1. e4 e5 2. Nc3 Bb4 3. Bc4 Nf6 4. d3 d5 5. exd5 Nxd5 6. Ne2 Be6 7. Bd2 Nc6 8. O-O O-O 9. Ne4 Qe7 10. a3 Bxd2
11. Qxd2 f5 12. Ng5 h6 13. Nxe6 Qxe6 14. f4 Rad8 15. Nc3 Nce7 16. fxe5 Qxe5 17. Rae1 Qd6 18. Nb5 Qb6+ 19. Kh1 a6 20. Nc3 Qc5
21. Re5 c6 22. Nxd5 cxd5 23. Ba2 Ng6 24. Rexf5 Rxf5 25. Rxf5 Ne7 26. Rf1 Ng6 27. b4 Qe7 28. Re1 Qf6 29. c4 dxc4 30. Bxc4+ Kh8
31. h3 b5 32. Re6 Qf1+ 33. Kh2 bxc4 34. Rxg6 Rxd3 35. Qb2 Qf4+ 36. g3 Rd2+ 37. Qxd2 Qxd2+ 38. Kg1 Qe3+ 39. Kh2 Qf2+ 40. Kh1 c3
41. Rxa6 c2
0-1

[Event "Smyslov Memorial"]
[Site "SchemingMind.com"]
[Date "2010.04.11"]
[Round "-"]
[White "PeterLiberty"]
[Black "Jupp53"]
[Result "0-1"]
[WhiteCountry "USA"]
[BlackCountry "GER"]
[WhiteElo "1486"]
[WhiteRD "58"]
[BlackElo "2007"]
[BlackRD "146"]
[GameID "244991"]

1. e4 e5 2. Nf3 Nf6 3. Nc3 Nc6 4. d4 exd4 5. Nxd4 Bb4 6. Be3 Nxe4 7. Qd3 Nxc3 8. bxc3 Be7 9. Nxc6 bxc6 10. Be2 O-O
11. O-O d5 12. Rfd1 Bf6 13. Bc5 Re8 14. Be3 Qd6 15. Rab1 a5 16. a4 Ba6 17. Qd2 Bxe2 18. Qxe2 Bxc3 19. Qd3 Bf6 20. Re1 Be5
21. Bd4 Bxh2+ 22. Kh1 Bf4 23. g3 Bg5 24. Re2 Rxe2 25. Qxe2 Qe6 26. Qd3 Be7 27. Kg2 c5 28. Bc3 c4 29. Qd4 Bf6 30. Qd2 d4
31. Bxd4 Qe4+ 32. f3 Qxd4 33. Qxd4 Bxd4 34. Rd1 Be5 35. f4 Bd6 36. c3 Bc5 37. Rd5 Bb6 38. Kf3 Kf8 39. Ke4 Re8+ 40. Re5 c6
41. Rxe8+ Kxe8 42. g4 Ke7 43. f5 Kf6 44. Kf4 h6 45. Ke4 Bc5 46. Kf4 Bd6+ 47. Kf3 Be5 48. Ke4 Bxc3
0-1

[Event "Smyslov Memorial"]
[Site "SchemingMind.com"]
[Date "2010.04.11"]
[Round "-"]
[White "Jupp53"]
[Black "PeterLiberty"]
[Result "1-0"]
[WhiteCountry "GER"]
[BlackCountry "USA"]
[WhiteElo "2002"]
[WhiteRD "141"]
[BlackElo "1572"]
[BlackRD "64"]
[GameID "244995"]

1. e4 c5 2. Nf3 d6 3. Bb5+ Bd7 4. Bxd7+ Nxd7 5. O-O Ngf6 6. Re1 e6 7. c3 Be7 8. d4 cxd4 9. cxd4 d5 10. Nc3 O-O
11. e5 Ng4 12. a3 f6 13. h3 Nh6 14. Bxh6 Rf7 15. Bf4 fxe5 16. Bxe5 Rc8 17. Bg3 Nf6 18. Ng5 Rf8 19. Nxe6 Qd7 20. Nxf8 Rxf8
21. Qe2 Ne4 22. Nxe4 dxe4 23. Qxe4 Bf6 24. Qe6+ Qxe6 25. Rxe6 Bxd4 26. Re2 g6 27. Rd1 Bxb2 28. Rxb2 b6 29. Rbd2
1-0

[Event "Smyslov Memorial"]
[Site "SchemingMind.com"]
[Date "2010.04.12"]
[Round "-"]
[White "Orange Lion"]
[Black "Heidi"]
[Result "1-0"]
[WhiteCountry "NED"]
[BlackCountry "USA"]
[WhiteElo "2398"]
[WhiteRD "75"]
[BlackElo "1114"]
[BlackRD "69"]
[GameID "245089"]

1. Nf3 d5 2. d4 Nc6 3. c4 Nf6 4. Nc3 e6 5. Bg5 Be7 6. e3 Qd6 7. Bd3 O-O 8. O-O h6 9. Bf4 Qd7 10. Ne5 Qd6
11. Ng6 Qb4 12. a3 fxg6 13. axb4 Nxb4 14. Nb5 Nxd3 15. Qxd3 g5 16. Nxc7 Rb8 17. Nxd5 Bb4 18. Nxf6+ Rxf6 19. Bxb8 Bd6 20. Bxd6
1-0

[Event "Smyslov Memorial"]
[Site "SchemingMind.com"]
[Date "2010.04.12"]
[Round "-"]
[White "Teagy"]
[Black "Gammon"]
[Result "1-0"]
[WhiteCountry "ENG"]
[BlackCountry "USA"]
[WhiteElo "1822"]
[WhiteRD "75"]
[BlackElo "1384"]
[BlackRD "54"]
[GameID "245090"]

1. e4 e6 2. d3 c5 3. Nc3 Nc6 4. g3 d5 5. Bg2 Nf6 6. exd5 exd5 7. Nf3 Be7 8. O-O Be6 9. Kh1 h6 10. Ne2 Qd7
11. Nf4 d4 12. Nxe6 fxe6 13. Re1 Ng4 14. Qe2 Nf6 15. Bh3 Nd8 16. Ne5 Qc7 17. Ng6 Rg8 18. Nxe7 Qxe7 19. Bd2 g5 20. f4 Nd5
21. f5 exf5 22. Qh5+ Nf7 23. Rxe7+ Kxe7 24. Bxf5 Nf6 25. Re1+ Kf8 26. Qf3 Re8 27. Rxe8+ Nxe8 28. Be6 Nd6 29. Bxf7 Nxf7 30. Qxb7
1-0

[Event "Smyslov Memorial"]
[Site "SchemingMind.com"]
[Date "2010.04.13"]
[Round "-"]
[White "highway61"]
[Black "toms_dad"]
[Result "0-1"]
[WhiteCountry "USA"]
[BlackCountry "ENG"]
[WhiteElo "1762"]
[WhiteRD "98"]
[BlackElo "1989"]
[BlackRD "133"]
[GameID "245091"]

1. d4 d5 2. Nf3 Nf6 3. c4 dxc4 4. Nc3 a6 5. e4 b5 6. Be2 Bb7 7. e5 Nd5 8. O-O e6 9. Bg5 Be7 10. Qd2 h6
11. Bh4 Bxh4 12. Nxh4 Qxh4 13. b3 Nf4 14. g3 Nh3#
0-1

[Event "Smyslov Memorial"]
[Site "SchemingMind.com"]
[Date "2010.04.12"]
[Round "-"]
[White "Heidi"]
[Black "Orange Lion"]
[Result "0-1"]
[WhiteCountry "USA"]
[BlackCountry "NED"]
[WhiteElo "1114"]
[WhiteRD "69"]
[BlackElo "2398"]
[BlackRD "75"]
[GameID "245095"]

1. e4 e6 2. Nc3 d5 3. Bb5+ c6 4. Be2 d4 5. Na4 b5 6. Nc5 Bxc5 7. Nf3 Nf6 8. d3 Nbd7 9. O-O O-O 10. Nh4 Nxe4
11. g3 Nef6 12. Bf3 Bb7 13. Re1 Qb6 14. Bf4 h6 15. Qd2 Rfe8 16. Bxh6 gxh6 17. Re2 Bf8 18. a4 bxa4 19. Re5 Nxe5 20. Bg2 Qxb2
21. Qd1 Bb4 22. Rb1 Qc3 23. Qe2 a3 24. Be4 Nxe4 25. f4 a2 26. Qe1 Qxc2
0-1

[Event "Smyslov Memorial"]
[Site "SchemingMind.com"]
[Date "2010.04.12"]
[Round "-"]
[White "Gammon"]
[Black "Teagy"]
[Result "1/2-1/2"]
[WhiteCountry "USA"]
[BlackCountry "ENG"]
[WhiteElo "1384"]
[WhiteRD "54"]
[BlackElo "1822"]
[BlackRD "75"]
[GameID "245096"]

1. d4 Nf6 2. c4 c5 3. d5 e6 4. Nc3 exd5 5. cxd5 d6 6. e4 g6 7. h3 a6 8. Bd3 b5 9. a3 Bg7 10. Nf3 O-O
11. Bg5 Re8 12. O-O Nbd7 13. Re1 h6 14. Bf4 Ne5 15. Bxe5 dxe5 16. b3 Nh5 17. Ne2 Nf4 18. Nxf4 exf4 19. Rc1 Qb6 20. Qd2 g5
21. e5 Bb7 22. d6 Bxf3 23. gxf3 Bxe5 24. Re2 Bxd6 25. Rce1 Qc6 26. Be4 Rxe4 27. Rxe4 Kg7 28. Re8 Rxe8 29. Rxe8 Qxe8=
1/2-1/2

[Event "Smyslov Memorial"]
[Site "SchemingMind.com"]
[Date "2010.04.13"]
[Round "-"]
[White "toms_dad"]
[Black "highway61"]
[Result "1-0"]
[WhiteCountry "ENG"]
[BlackCountry "USA"]
[WhiteElo "2094"]
[WhiteRD "112"]
[BlackElo "1777"]
[BlackRD "98"]
[GameID "245097"]

1. d4 d5 2. c4 c6 3. Nf3 Nf6 4. e3 Bf5 5. Nc3 dxc4 6. Bxc4 e6 7. Nh4 Be4 8. f3 Bd5 9. Nxd5 cxd5 10. Bd3 Be7
11. Qb3 Qc7 12. g3 Nc6 13. Bd2 O-O 14. Rc1 Qb6 15. Qxb6 axb6 16. a3 Na5 17. Bxa5 bxa5 18. Rc7 Rfc8 19. Rxc8+ Rxc8 20. Kd2 g5
21. Ng2 h5 22. h4 g4 23. fxg4 Ne4+ 24. Bxe4 dxe4 25. gxh5 Kg7 26. Rc1 Rh8 27. Rc7 Bf6 28. Rxb7 Rxh5 29. Nf4 Rf5 30. Nxe6+ Kh6
31. Nf4 Bd8 32. g4 Rf6 33. g5+
1-0

[Event "Smyslov Memorial"]
[Site "SchemingMind.com"]
[Date "2010.04.13"]
[Round "-"]
[White "Biagio"]
[Black "reo"]
[Result "1-0"]
[WhiteCountry "ITA"]
[BlackCountry "THA"]
[WhiteElo "1815"]
[WhiteRD "120"]
[BlackElo "1738"]
[BlackRD "80"]
[GameID "245171"]

1. e4 e6 2. d4 d5 3. Nc3 dxe4 4. Nxe4 Nc6 5. Nf3 Nf6 6. Nxf6+ gxf6 7. Be3 Bd7 8. c3 Bd6 9. g3 Qe7 10. Bg2 f5
11. Qd2 Na5 12. b3 Nc6 13. O-O-O b5 14. d5 Na5 15. dxe6 fxe6 16. Nd4 Ba3+ 17. Kb1 Rc8 18. Rhe1 c5 19. Nxf5
1-0

[Event "Smyslov Memorial"]
[Site "SchemingMind.com"]
[Date "2010.04.13"]
[Round "-"]
[White "reo"]
[Black "Biagio"]
[Result "1/2-1/2"]
[WhiteCountry "THA"]
[BlackCountry "ITA"]
[WhiteElo "1742"]
[WhiteRD "83"]
[BlackElo "1892"]
[BlackRD "86"]
[GameID "245176"]

1. d4 Nf6 2. c4 e5 3. dxe5 Ng4 4. Nf3 Bc5 5. e3 Nc6 6. Be2 O-O 7. b3 Re8 8. Bb2 Ngxe5 9. Nbd2 d6 10. O-O Bf5
11. Nd4 Bxd4 12. exd4 Nd3 13. Bc3 Nf4 14. Bf3 Bd3 15. Re1 Qd7 16. Ne4 Bxe4 17. Bxe4 Re7 18. Qf3 Ng6 19. Re3 Rae8 20. Rae1 Nd8
21. d5 b6 22. g3 Nb7 23. Qh5 Nc5 24. Bf5 Qd8 25. Bd4 Rxe3 26. Rxe3 Rxe3 27. Bxe3 Nd7 28. b4 Nf6 29. Qd1 Ne7 30. Bb1 Qd7
31. a4 Qh3 32. f3 Nf5 33. Bf2 Ne7 34. a5 bxa5 35. bxa5 a6 36. Qe2 Qd7 37. g4 c6 38. Qd3 Ng6 39. dxc6 Qxc6 40. Bg3 d5
41. Ba2 Qc5+ 42. Bf2 Qxa5 43. Qb1 h6 44. c5 Qc3 45. Qb3 Qa1+ 46. Kg2 Nf4+ 47. Kg3 Qe5 48. Qe3=
1/2-1/2

[Event "Smyslov Memorial"]
[Site "SchemingMind.com"]
[Date "2010.04.18"]
[Round "-"]
[White "Frankygolucky"]
[Black "jtrochez1"]
[Result "1-0"]
[WhiteCountry "GBR"]
[BlackCountry "HON"]
[WhiteElo "1896"]
[WhiteRD "109"]
[BlackElo "1611"]
[BlackRD "51"]
[GameID "245336"]

1. d4 d5 2. c4 Nf6 3. cxd5 Qxd5 4. Nc3 Qd8 5. e4 e5 6. Nf3 exd4 7. Qxd4 Nc6 8. Qxd8+ Nxd8 9. Bg5 Be7 10. h3 c6
11. Bc4 Be6 12. Bxe6 Nxe6 13. Be3 O-O 14. O-O-O b6 15. e5 Ne8 16. Ne4 h6 17. Rd7 Bc5 18. Bxc5 bxc5 19. g3 a5 20. Rhd1 N8c7
21. Nd6 Rab8 22. Nc4 a4 23. R7d6 Nd8 24. Nfd2 Nce6 25. Nf3 Kh7 26. R1d3 Rc8 27. Ra3 f5 28. Rxa4 Nb7 29. Rxe6 g5 30. Re7+ Kg8
31. Rxb7 Rf7 32. Rxf7 Kxf7 33. Nd6+
1-0

[Event "Smyslov Memorial"]
[Site "SchemingMind.com"]
[Date "2010.04.16"]
[Round "-"]
[White "jtrochez1"]
[Black "Frankygolucky"]
[Result "0-1"]
[WhiteCountry "HON"]
[BlackCountry "GBR"]
[WhiteElo "1611"]
[WhiteRD "51"]
[BlackElo "1896"]
[BlackRD "109"]
[GameID "245339"]

1. e4 e6 2. d4 d5 3. e5 c5 4. c3 Nc6 5. Bb5 Bd7 6. Bxc6 Bxc6 7. Nf3 cxd4 8. cxd4 Ne7 9. O-O Nf5 10. b3 Bb4
11. a3 Ba5 12. b4 Bb6 13. a4 a6 14. a5 Ba7 15. Bb2 O-O 16. Na3 Qe7 17. Nc2 Bb5 18. Re1 Rac8 19. Rc1 Ba4 20. Qd2 Bxc2
21. Rxc2 Rxc2 22. Qxc2 Qxb4 23. Rc1 Bxd4 24. Bxd4 Nxd4 25. Nxd4 Qxd4 26. Qc8 Qb4 27. Qd7 Qxa5 28. Qxb7 Qd2 29. Ra1 a5 30. Qa6 Rb8
31. g3 h5 32. Rf1 a4 33. Qxa4 Qg5 34. h4 Qxe5 35. Qf4 Qxf4 36. gxf4 Rb4 37. f5 Rxh4 38. fxe6 fxe6
0-1

[Event "Smyslov Memorial"]
[Site "SchemingMind.com"]
[Date "2010.04.15"]
[Round "-"]
[White "BigDaddy"]
[Black "rao"]
[Result "0-1"]
[WhiteCountry "AUT"]
[BlackCountry "INT"]
[WhiteElo "1294"]
[WhiteRD "58"]
[BlackElo "1476"]
[BlackRD "102"]
[GameID "245472"]

1. e4 e5 2. f4 d6 3. Nf3 exf4 4. d4 Bg4 5. Bxf4 Nc6 6. d5 Ne5 7. Be2 Bxf3 8. Bxf3 h6 9. Bxe5 dxe5 10. Nc3 Bb4
11. Qd2 Nf6 12. a3 Ba5 13. b4 Bb6 14. a4 a6 15. a5 Bd4 16. h3 Qd6 17. Rb1 b6 18. Ne2 bxa5 19. bxa5 Bc5 20. Qc3 O-O
21. Nc1 Rab8 22. Rxb8 Rxb8
0-1

[Event "Smyslov Memorial"]
[Site "SchemingMind.com"]
[Date "2010.04.15"]
[Round "-"]
[White "rkttkr"]
[Black "chesspool"]
[Result "0-1"]
[WhiteCountry "ENG"]
[BlackCountry "USA"]
[WhiteElo "2038"]
[WhiteRD "86"]
[BlackElo "1781"]
[BlackRD "86"]
[GameID "245473"]

1. e4 Nf6 2. Nc3 d5 3. e5 Ne4 4. Bd3 Nxc3 5. dxc3 c5 6. Qf3 Nc6 7. Bf4 c4 8. Be2 Bf5 9. O-O-O Qa5 10. Kb1 e6
11. Qe3 Bc5 12. Qd2 O-O 13. g4 Bg6 14. Nh3 b5 15. Be3 Bxe3 16. Qxe3 b4 17. Nf4 Rab8 18. Nxg6 bxc3 19. b3 fxg6 20. f3 Nb4
21. Qxc3 Qxa2+ 22. Kc1 cxb3 23. Qxb3 Qa5 24. Kb2 Nxc2
0-1

[Event "Smyslov Memorial"]
[Site "SchemingMind.com"]
[Date "2010.04.15"]
[Round "-"]
[White "rao"]
[Black "BigDaddy"]
[Result "1-0"]
[WhiteCountry "INT"]
[BlackCountry "AUT"]
[WhiteElo "1476"]
[WhiteRD "102"]
[BlackElo "1294"]
[BlackRD "58"]
[GameID "245476"]

1. e4 c5 2. Bc4 e6 3. d3 d5 4. exd5 exd5 5. Qe2+ Be6 6. Bb5+ Nd7 7. Nf3 Bd6 8. Ng5 Qa5+ 9. Nc3 d4 10. Nxe6 fxe6
11. Qxe6+ Ne7 12. Bxd7+ Kd8 13. Qxd6 Qc7 14. Qxc7+ Kxc7 15. Ne4 Kxd7 16. Nxc5+ Kc6 17. Ne6 Nf5 18. O-O Kd6 19. Re1 Rhe8 20. Bf4+ Kd7
21. Nc5+ Kc6 22. Ne4
1-0

[Event "Smyslov Memorial"]
[Site "SchemingMind.com"]
[Date "2010.04.15"]
[Round "-"]
[White "chesspool"]
[Black "rkttkr"]
[Result "1-0"]
[WhiteCountry "USA"]
[BlackCountry "ENG"]
[WhiteElo "1660"]
[WhiteRD "68"]
[BlackElo "2009"]
[BlackRD "80"]
[GameID "245477"]

1. d4 d5 2. c4 e5 3. dxe5 d4 4. Nf3 Nc6 5. g3 Bc5 6. Bg2 Qe7 7. a3 a5 8. O-O Bg4 9. Qa4 Bd7 10. Qb3 b6
11. e3 a4 12. Qd3 dxe3 13. Bxe3 Bxe3 14. Qxe3 Ra5 15. Nc3 Nxe5 16. Rae1 Nxf3+ 17. Qxf3 Be6 18. Qb7 Rc5 19. Bc6+ Rxc6 20. Qxc6+ Qd7
21. Qa8+ Qd8 22. Qxa4+ Kf8 23. Rd1 Qb8 24. Rd2 g6 25. Rfd1 Kg7 26. Nd5 Nh6 27. Nf4 Bg4 28. Qb4 Re8 29. f3 Bf5 30. Qc3+ f6
31. Nd5 Ng8 32. Nxf6 Nxf6 33. Rd7+
1-0

[Event "Smyslov Memorial"]
[Site "SchemingMind.com"]
[Date "2010.04.16"]
[Round "-"]
[White "Midlander"]
[Black "PStuart"]
[Result "1-0"]
[WhiteCountry "ENG"]
[BlackCountry "USA"]
[WhiteElo "2247"]
[WhiteRD "75"]
[BlackElo "1848"]
[BlackRD "72"]
[GameID "245583"]

1. d4 d5 2. c4 c6 3. Nf3 Nf6 4. e3 Bf5 5. Nc3 e6 6. Nh4 Bg6 7. Be2 Bd6 8. Qb3 Qc7 9. Nxg6 hxg6 10. cxd5 exd5
11. h3 Nbd7 12. Bd2 Qb6 13. Qc2 Qc7 14. Rc1 Qd8 15. Bf3 Qe7 16. O-O O-O 17. Rfe1 Qd8 18. e4 dxe4 19. Nxe4 Nxe4 20. Rxe4 Nf6
21. Re2 Re8 22. Rce1 Rxe2 23. Rxe2 Qd7 24. Qb3 Re8 25. Rxe8+ Nxe8 26. g3 Nf6= 27. Bg2 Qc7 28. a3 Qe7 29. Qd3 Qe6 30. b4 Qe7
31. Kh2 Qe6 32. Qe3 Qxe3 33. fxe3 Bc7 34. e4 Kf8 35. b5 cxb5 36. e5
1-0

[Event "Smyslov Memorial"]
[Site "SchemingMind.com"]
[Date "2010.04.16"]
[Round "-"]
[White "raven2504"]
[Black "zogger"]
[Result "0-1"]
[WhiteCountry "USA"]
[BlackCountry "GER"]
[WhiteElo "1427"]
[WhiteRD "282"]
[BlackElo "1977"]
[BlackRD "89"]
[GameID "245585"]

1. e4 c6 2. Nf3 d5 3. exd5 cxd5 4. d4 Nf6 5. Nc3 Bg4 6. Be2 Nc6 7. O-O Bxf3 8. Bxf3 e6 9. a3 Be7 10. Bg5 Qb6
11. Na4 Qxd4 12. Qxd4 Nxd4 13. Bd1 O-O 14. c3 Nc6 15. b4 Ne5 16. Nc5 Bxc5 17. Bxf6 Bxf2+ 18. Rxf2 gxf6 19. Bc2 Rac8 20. Rc1 f5
21. Bb1 Rc6 22. Kf1 Ng4 23. Rf3 Nxh2+ 24. Kf2 Nxf3 25. gxf3 Rfc8 26. a4 Rxc3 27. Rxc3 Rxc3 28. Ke2 Rb3 29. Bc2 Rxb4
0-1

[Event "Smyslov Memorial"]
[Site "SchemingMind.com"]
[Date "2010.04.16"]
[Round "-"]
[White "PStuart"]
[Black "Midlander"]
[Result "1/2-1/2"]
[WhiteCountry "USA"]
[BlackCountry "ENG"]
[WhiteElo "1848"]
[WhiteRD "72"]
[BlackElo "2247"]
[BlackRD "75"]
[GameID "245588"]

1. d4 e6 2. Bf4 f5 3. Nf3 Nf6 4. e3 Be7 5. Be2 O-O 6. O-O b6 7. Nbd2 Bb7 8. h3 c5 9. c3 Nc6 10. Bc4 a6
11. Re1 d5 12. Bf1 Ne4 13. Ne5 Nxe5 14. Bxe5 Nxd2 15. Qxd2 Bd6 16. f4 Bxe5 17. fxe5 Qg5 18. Be2 Rac8 19. Rf1 Rc7 20. Rf3 Rcf7
21. Raf1 cxd4 22. cxd4 Rc8 23. Rc1 Rfc7 24. Rxc7 Rxc7 25. Rf1 Qe7= 26. Rc1 Kf7 27. Rxc7 Qxc7 28. Kf2 g6 29. Kg3 Ke8 30. Kf2 Kf7
31. Kg3 Ke8 32. Kf2 Kf7 33. Kg3
1/2-1/2

[Event "Smyslov Memorial"]
[Site "SchemingMind.com"]
[Date "2010.04.16"]
[Round "-"]
[White "zogger"]
[Black "raven2504"]
[Result "1-0"]
[WhiteCountry "GER"]
[BlackCountry "USA"]
[WhiteElo "1977"]
[WhiteRD "89"]
[BlackElo "1427"]
[BlackRD "282"]
[GameID "245590"]

1. Nf3 d5 2. g3 Nc6 3. Bg2 e6 4. d3 Nf6 5. Nbd2 Bb4 6. O-O O-O 7. e4 dxe4 8. dxe4 e5 9. c3 Bg4 10. cxb4 a6
11. h3 Bh5 12. Qb3 Bg6 13. Re1 Qd6 14. a3 Rfe8 15. Qc3 Rad8 16. g4 Nd7 17. Nb3 Nb6 18. Nc5 Rb8 19. Be3 Qe7 20. Nxb7 Bxe4
21. Bg5 f6 22. Rxe4 Nd8 23. Rxe5 Qf7 24. Rxe8+ Qxe8 25. Re1 Qf7 26. Ne5 fxe5 27. Nxd8 Qg6 28. Qb3+ Kf8 29. Rxe5 Nd7 30. Be7+
1-0

[Event "Smyslov Memorial"]
[Site "SchemingMind.com"]
[Date "2010.04.17"]
[Round "-"]
[White "Lars"]
[Black "Olli Ylönen"]
[Result "1-0"]
[WhiteCountry "SWE"]
[BlackCountry "FIN"]
[WhiteElo "1555"]
[WhiteRD "231"]
[BlackElo "1389"]
[BlackRD "103"]
[GameID "245678"]

1. c4 e5 2. Nc3 Nf6 3. d3 Bb4 4. a3 Bxc3+ 5. bxc3 O-O 6. e4 d6 7. Bg5 h6 8. Bh4 g5 9. Bg3 Nc6 10. h4 Nh7
11. Qh5 Qf6 12. hxg5 Qxg5 13. Qxh6 Qxh6 14. Rxh6 f5 15. exf5 Bxf5 16. Nf3 Rf6 17. Rxf6 Nxf6 18. Ng5 Nh7 19. Nf3 Kf7 20. Be2 Ke6
21. Kd2 Nf6 22. Rh1 Rg8 23. d4 Ne4+ 24. Ke3 Nxg3 25. fxg3 Rxg3 26. d5+ Kd7 27. dxc6+ Kxc6 28. Kf2 Rg7 29. Rh6 Kc5 30. Rh8 e4
31. Nd4 e3+ 32. Kxe3 Rxg2 33. Nxf5 Rxe2+ 34. Kxe2 Kxc4 35. Rh7 c5 36. Nxd6+ Kxc3 37. Rxb7 c4 38. Rb4 a5 39. Rxc4+ Kb3 40. a4
1-0

[Event "Smyslov Memorial"]
[Site "SchemingMind.com"]
[Date "2010.04.17"]
[Round "-"]
[White "Olli Ylönen"]
[Black "Lars"]
[Result "0-1"]
[WhiteCountry "FIN"]
[BlackCountry "SWE"]
[WhiteElo "1389"]
[WhiteRD "103"]
[BlackElo "1555"]
[BlackRD "231"]
[GameID "245687"]

1. e4 c5 2. Nf3 Nc6 3. d4 cxd4 4. Nxd4 e5 5. Nxc6 bxc6 6. Nc3 Nf6 7. Bd3 d5 8. O-O Bb4 9. Bd2 Qd6 10. a3 Bxc3
11. Bxc3 dxe4 12. Bxe4 Qxd1 13. Bxc6+ Bd7 14. Raxd1 Bxc6 15. Bxe5 O-O 16. Bxf6 gxf6 17. Rd6 Be4 18. c4 Rac8 19. f3 Bc2 20. Rxf6 Bd3
21. Ra6 Bxf1 22. Kxf1 Rxc4 23. Rxa7 Rc2 24. b4 Rd8 25. Re7 Rd1+ 26. Re1 Rxe1+ 27. Kxe1 Rxg2 28. b5 Ra2 29. b6 Rxa3
0-1

[Event "Smyslov Memorial"]
[Site "SchemingMind.com"]
[Date "2010.04.21"]
[Round "-"]
[White "RobinChessmaster93"]
[Black "Mekk"]
[Result "0-1"]
[WhiteCountry "SWE"]
[BlackCountry "POL"]
[WhiteElo "1693"]
[WhiteRD "134"]
[BlackElo "1899"]
[BlackRD "113"]
[GameID "245688"]

1. e4 c5 2. Nf3 Nc6 3. d4 cxd4 4. Nxd4 Nf6 5. Nc3 e5 6. Nf3 Bb4 7. Bg5 Qa5 8. Qd3 Nxe4 9. Bd2 Nxd2 10. Qxd2 O-O
11. O-O-O Bxc3 12. Qxc3 Qxc3 13. bxc3 Rd8 14. Bb5 f6 15. Rd6 a6 16. Bxc6 bxc6 17. Rhd1 Kf7 18. Rxc6 Bb7 19. Rc7 Bc6 20. Rd6 Rdc8
21. Rdxc6 Rxc7 22. Rxc7 Ke6 23. Kd2 Rb8 24. Ra7 Rb6 25. Kd3 g5 26. h3 h5 27. g4 hxg4 28. hxg4 Rc6 29. a3 d5 30. Nd2 Kd6
31. c4 dxc4+ 32. Nxc4+ Kc5 33. f3 Kb5 34. Rb7+ Kc5 35. Na5 Rd6+ 36. Ke2 Kd4 37. Rc7 Kd5 38. c4+ Ke6 39. Nb7 Rb6 40. c5 Rb2+
41. Ke3 Kd5 42. Rd7+ Kc6 43. Rf7 Rxb7 44. Rxb7 Kxb7 45. Ke4 Kc6 46. Kf5 Kxc5 47. Kxf6 Kd4 48. Kxg5 Ke3 49. Kf5 Kxf3 50. Kxe5 Kxg4
51. Kd5 Kf5 52. Kc5 Ke5 53. Kb6 Kd6
0-1

[Event "Smyslov Memorial"]
[Site "SchemingMind.com"]
[Date "2010.06.13"]
[Round "-"]
[White "toms_dad"]
[Black "griffimv"]
[Result "1-0"]
[WhiteCountry "ENG"]
[BlackCountry "INT"]
[WhiteElo "2150"]
[WhiteRD "96"]
[BlackElo "2057"]
[BlackRD "89"]
[GameID "251464"]

1. d4 Nf6 2. c4 g6 3. Nc3 Bg7 4. g3 O-O 5. Bg2 d6 6. Nf3 Nc6 7. O-O a6 8. Qd3 Bd7 9. d5 Nb4 10. Qd1 a5
11. a3 Na6 12. Be3 Nc5 13. Bxc5 dxc5 14. Ne5
1-0

[Event "Smyslov Memorial"]
[Site "SchemingMind.com"]
[Date "2010.06.10"]
[Round "-"]
[White "Teagy"]
[Black "zogger"]
[Result "0-1"]
[WhiteCountry "ENG"]
[BlackCountry "GER"]
[WhiteElo "1826"]
[WhiteRD "78"]
[BlackElo "2098"]
[BlackRD "66"]
[GameID "251466"]

1. e4 e6 2. d3 d5 3. Nd2 c5 4. Ngf3 Nc6 5. g3 Bd6 6. Bg2 Nge7 7. O-O O-O 8. Re1 Qc7 9. Nf1 h6 10. h4 d4
11. a4 a5 12. N1d2 e5 13. Nc4 Bg4 14. Qd2 Bxf3 15. Bxf3 f5 16. exf5 Rxf5 17. Bg4 Rf6 18. Bh3 Raf8 19. Rf1 e4 20. Nxd6 e3
21. fxe3 Rxf1+ 22. Bxf1 Qxd6 23. Qg2 Nf5 24. e4 Nxg3 25. Bd2 Rf6 26. Be2 Nxe2+ 27. Qxe2 Rg6+ 28. Kh1 Qg3
0-1

[Event "Smyslov Memorial"]
[Site "SchemingMind.com"]
[Date "2010.06.13"]
[Round "-"]
[White "griffimv"]
[Black "toms_dad"]
[Result "0-1"]
[WhiteCountry "INT"]
[BlackCountry "ENG"]
[WhiteElo "2057"]
[WhiteRD "89"]
[BlackElo "2150"]
[BlackRD "96"]
[GameID "251472"]

1. e4 e5 2. Nf3 Nc6 3. Bb5 a6 4. Ba4 Nf6 5. O-O Be7 6. Re1 b5 7. Bb3 O-O 8. c3 d5 9. exd5 Nxd5 10. Nxe5 Nxe5
11. Rxe5 c6 12. d3 Bd6 13. Re1 Bf5 14. Qf3 Qh4 15. g3 Qh3
0-1

[Event "Smyslov Memorial"]
[Site "SchemingMind.com"]
[Date "2010.06.09"]
[Round "-"]
[White "zogger"]
[Black "Teagy"]
[Result "1-0"]
[WhiteCountry "GER"]
[BlackCountry "ENG"]
[WhiteElo "2098"]
[WhiteRD "66"]
[BlackElo "1826"]
[BlackRD "78"]
[GameID "251474"]

1. f4 e5 2. e4 d5 3. exd5 c6 4. Qe2 cxd5 5. fxe5 Nc6 6. Nf3 Bg4 7. Qf2 Bxf3 8. Qxf3 Be7 9. Bb5 Bh4+ 10. g3 Bg5
11. h4 Bh6 12. g4 g6 13. g5 Bg7 14. Rf1 Qd7 15. d4 a6 16. Bxc6 bxc6 17. Nc3 h6 18. Na4 Ra7 19. Bd2 hxg5 20. Bxg5 Nh6
21. Nc5 Qg4 22. O-O-O O-O 23. Qb3 Raa8 24. Qb7 Qc8 25. Qxc8 Rfxc8 26. h5 Nf5 27. hxg6 fxg6 28. Rg1 Re8 29. Bf4 Ne7 30. Rd3 Rf8
31. Ne6 Rf5 32. Bg5
1-0

[Event "Smyslov Memorial"]
[Site "SchemingMind.com"]
[Date "2010.06.23"]
[Round "-"]
[White "Orange Lion"]
[Black "chesspool"]
[Result "1-0"]
[WhiteCountry "NED"]
[BlackCountry "USA"]
[WhiteElo "2392"]
[WhiteRD "71"]
[BlackElo "1652"]
[BlackRD "68"]
[GameID "252442"]

1. e4 Nf6 2. e5 Nd5 3. d4 d6 4. Nf3 Bg4 5. Be2 e6 6. O-O Be7 7. c4 Nb6 8. h3 Bh5 9. Nc3 O-O 10. Be3 Nc6
11. exd6 cxd6 12. d5 Bxf3 13. Bxf3 Ne5 14. dxe6 Nxf3+ 15. Qxf3 fxe6 16. Qe4 Qd7 17. Rad1 Bf6 18. c5 Nd5 19. Nxd5 exd5 20. Qxd5+ Kh8
21. Rd2 Be7 22. cxd6
1-0

[Event "Smyslov Memorial"]
[Site "SchemingMind.com"]
[Date "2010.06.23"]
[Round "-"]
[White "chesspool"]
[Black "Orange Lion"]
[Result "0-1"]
[WhiteCountry "USA"]
[BlackCountry "NED"]
[WhiteElo "1660"]
[WhiteRD "68"]
[BlackElo "2398"]
[BlackRD "75"]
[GameID "252445"]

1. d4 e6 2. c4 Nf6 3. Nc3 Bb4 4. Qc2 O-O 5. Nf3 c5 6. dxc5 Na6 7. a3 Bxc3+ 8. Qxc3 Nxc5 9. e3 a5 10. Be2 a4
11. O-O b6 12. Bd2 Bb7 13. Rad1 Qe7 14. Qb4 Nfe4 15. Qxb6 d6 16. Bb4 Ra6 17. Qb5 Bc6
0-1